000 00840nam a22002057a 4500
005 20250713160124.0
008 250713b |||||||| |||| 00| 0 eng d
037 _cTB
040 _aCRL
_cCRL
041 _2hin
_ahin
084 _aO152,1x R2
_qCRL
100 _aउदय नारायण 'उदय'
_9815462
245 _aकिताब - ए - ग़ज़ल
260 _aकानपुर, भारत:
_bडॉ. उदय नारायण 'उदय',
_c2022.
300 _a112पृ.
650 _aहिंदी साहित्य
_9753844
650 _aहिंदी कविता
_9815461
942 _2CC
_cTB
_hO152,1x R2
_n0
999 _c1433610
_d1433610